| 000 | 00606nam a2200181 a 4500 | ||
|---|---|---|---|
| 001 | 000043016 | ||
| 005 | 20201002040556.0 | ||
| 008 | 140217s2006 xxu 000 0 spa d | ||
| 020 | _a139780739479940 | ||
| 040 |
_aDO-SdBNP _bspa _cBNPHU |
||
| 041 | 1 | 7 | _aeng |
| 100 | 1 |
_aScotti, R. A. _970537 |
|
| 245 | 1 | 0 |
_aBasilica : _bthe splendor and the scandal : building St. Peter's / _cR.A. Scotti. |
| 260 |
_aNew York : _bViking, cop., _c2006. |
||
| 300 |
_axx, 299 p., [8] h. de lám. : _bil. ; _c22 cm. |
||
| 500 | _aIncluye índice | ||
| 504 | _aIncluye referencias bibliográficas y notas al pie de las páginas | ||
| 999 |
_c42505 _d42505 |
||